Alicia en el país de las maravillas / (Registro nro. 11009)

Detalles MARC
000 -LIDER
fixed length control field 00948nam a2200301 i 4500
001 - NÚMERO DE CONTROL
Identificador de número de control 0000564
003 - IDENTIFICACDOR DE NÚMERO DE CONTROL
control field DO-SdBPM
005 - DATE AND TIME OF LATEST TRANSACTION
control field 20250212104729.0
007 - CAMPOS FIJOS DE DESCRIPCIÓN FÍSICA
fixed length control field 0000564
008 - ELEMENTOS DE LONGITUD FIJA
fixed length control field 921113s 2008 dr a | | spa d
017 ## - NÚMERO DE REGISTRO DE DERECHOS DE AUTOR
Copyright or legal deposit number
Assigning agency
020 ## - ISBN
International Standard Book Number 9789945406702
035 ## - NÚMERO LOCAL
System control number
040 ## - FUENTE DE CATALOGACIÓN
Agencia que crea de manera original el registro DO-SdBPM
Idioma de catalogación spa
Agencia que realiza la transcripción BPMSU
082 #4 - NÚMERO DE CLASIFICACIÓN DECIMAL DE DEWEY
Classification number 823
Item number C319a 2008
Edition number 22
100 1# - ASIENTO PRINCIPAL -- NOMBRE PERSONAL
Nombre personal Carroll, Lewis,
Fechas asociadas con el nombre 1832-1898
245 10 - MENCIÓN DE TITULO
Título Alicia en el país de las maravillas /
Mención de responsabilidad Lewis Carroll ; ilustración Diana Roche ; versión María Isabel Plaz-Power
Medio (Designación general de material)
260 ## - PUBLICACIÓN, DISTRIBUCIÓN, ETC. (PIE DE IMPRENTA)
Lugar de publicación, distribución, etc Santo Domingo :
Nombre del editor, distribuidor, etc. Tobogán,
Fecha de publicación, distribución, etc 2008.
300 ## - DESCRIPCIÓN FÍSICA
Extensión 105 p. :
Otros detalles físicos il., ;
Dimensiones 23 cm.
490 0# - MENCIÓN DE SERIES
Mención de serie Clásicos universales
590 ## - NOTA LOCAL
Texto de la nota local Inventariado, 2025/VM
650 #4 - ENCABEZAMIENTO DE MATERIA--TEMÁTICO
Término temático o nombre geográfico como elemento de entrada Cuentos infantiles ingleses
650 #4 - ENCABEZAMIENTO DE MATERIA--TEMÁTICO
Término temático o nombre geográfico como elemento de entrada Literatura inglesa infantil
700 1# - ASIENTO SECUNDARIO -- NOMBRE PERSONAL
Nombre personal Roche, Diana
Mención de responsabilidad ilustración
700 1# - ASIENTO SECUNDARIO -- NOMBRE PERSONAL
Nombre personal Plaz-Power, María Isabel
Mención de responsabilidad versión
910 ## - VALIDACIÓN
Validación VMateo V. Control de calidad. BPMSU
942 ## - ADDED ENTRY ELEMENTS (KOHA)
Source of classification or shelving scheme Dewey Decimal Classification
Koha item type Libros
Existencias
Withdrawn status Lost status Source of classification or shelving scheme Damaged status Not for loan Collection code Home library Current library Date acquired Source of acquisition Total Checkouts Full call number Barcode Date last seen Price effective from Koha item type Copy number
    Dewey Decimal Classification     Colección Juvenil Dominicana Biblioteca Pública Metropolitana Salomé Ureña Biblioteca Pública Metropolitana Salomé Ureña 07/22/2016   BPMSU CJD 823 C319a 2008 BPMSU16070633 07/22/2016 07/22/2016 Libros  
    Dewey Decimal Classification     Colección Juvenil Dominicana Biblioteca Pública Metropolitana Salomé Ureña Biblioteca Pública Metropolitana Salomé Ureña 11/14/2016   BPMSU CJD 823 C319a 2008 BPMSU16111298 11/14/2016 11/14/2016 Libros e. 2
    Dewey Decimal Classification     Colección Juvenil Dominicana Biblioteca Pública Metropolitana Salomé Ureña Biblioteca Pública Metropolitana Salomé Ureña 11/14/2016   BPMSU CJD 823 C319a 2008 BPMSU16111299 11/14/2016 11/14/2016 Libros e.3